[Event "Mistrovstvi CR senioru nad 60 let"]
[Site "?"]
[Date "2017.08.20"]
[Round "2"]
[White "Divis, Libor"]
[Black "Mlynek, Petr"]
[Result "0-1"]
[WhiteElo "1900"]
[BlackElo "2094"]
[PlyCount "122"]
[EventDate "2017.08.19"]

1. e4 c6 2. d4 d5 3. e5 Bf5 4. Bd3 Bxd3 5. Qxd3 e6 6. Ne2 Qa5+ 7. Bd2 Qa6 8.
Qxa6 Nxa6 9. O-O c5 10. c3 Ne7 11. dxc5 Nxc5 12. Be3 Nd3 13. Bd4 Nc6 14. Nd2
Ndxe5 15. Bxe5 Nxe5 16. Nd4 Bc5 17. N2b3 Bb6 18. Rae1 Nc4 19. Re2 O-O 20. Rb1
Rac8 21. Nd2 Bxd4 22. cxd4 Nxd2 23. Rxd2 Rc6 24. Kf1 Rfc8 25. Rbd1 g5 26. Ke2
Kg7 27. Rd3 h5 28. Rb3 R8c7 29. Ra3 b6 30. Rd2 Rc1 31. Rg3 Kg6 32. Ra3 g4 33.
f3 Rh1 34. fxg4 hxg4 35. Kf2 Kg5 36. h3 gxh3 37. Rg3+ Kh4 38. Rxh3+ Rxh3 39.
gxh3 Kxh3 40. Kf3 Rc1 41. Kf4 Re1 42. Rd3+ Kg2 43. Rg3+ Kf2 44. Rf3+ Ke2 45.
Ra3 f6 46. Rxa7 Kd3 47. Ra6 Kxd4 48. Rxb6 Rf1+ 49. Kg3 e5 50. a4 Ra1 51. Rxf6
Rxa4 52. Rf2 e4 53. Rd2+ Ke5 54. Rc2 Rb4 55. Kf2 d4 56. Ke1 d3 57. Rh2 Kd4 58.
Kd1 Rb8 59. Kc1 Rf8 60. Rh4 Ke3 61. Rh1 Ke2 0-1

[Event "Mistrovstvi CR senioru nad 60 let"]
[Site "?"]
[Date "2017.08.20"]
[Round "2"]
[White "Bednar, Jiri"]
[Black "Pospisil, Evzen"]
[Result "0-1"]
[WhiteElo "1891"]
[BlackElo "2064"]
[PlyCount "54"]
[EventDate "2017.08.19"]

1. d4 Nf6 2. c4 e6 3. Nc3 c5 4. d5 exd5 5. cxd5 d6 6. Nf3 g6 7. Bf4 a6 8. a4
Bg7 9. e4 O-O 10. Be2 Re8 11. Qc2 Bg4 12. O-O Qc7 13. h3 Bxf3 14. Bxf3 Nbd7 15.
Be2 h6 16. Bg3 g5 17. h4 Ne5 18. hxg5 hxg5 19. f4 gxf4 20. Rxf4 Qe7 21. Raf1
Ng6 22. Rf5 Rad8 23. Bd3 Ng4 24. Rxf7 Bd4+ 25. Kh1 Qxf7 26. Rxf7 Kxf7 27. Bh4
Rh8 0-1

[Event "Mistrovstvi CR senioru nad 60 let"]
[Site "?"]
[Date "2017.08.20"]
[Round "2"]
[White "Franc, Lubor"]
[Black "Lorenc, Oldrich"]
[Result "1/2-1/2"]
[WhiteElo "1865"]
[BlackElo "2055"]
[PlyCount "58"]
[EventDate "2017.08.19"]

1. e4 d6 2. d4 Nf6 3. Nc3 g6 4. f4 Bg7 5. e5 dxe5 6. fxe5 Nd5 7. Nf3 O-O 8. Bc4
Nb6 9. Be2 Nc6 10. Ne4 f6 11. exf6 exf6 12. c3 Re8 13. Ng3 Be6 14. O-O Bf7 15.
Re1 a6 16. Bf1 Qd5 17. b3 Rxe1 18. Qxe1 Re8 19. Qf2 f5 20. Bf4 Qd7 21. Re1 Nd5
22. Rxe8+ Qxe8 23. Bd2 Nf6 24. Qe1 Qxe1 25. Nxe1 h5 26. Bd3 a5 27. Bc2 b5 28.
Ne2 b4 29. c4 Ne4 1/2-1/2

[Event "Mistrovstvi CR senioru nad 60 let"]
[Site "?"]
[Date "2017.08.20"]
[Round "2"]
[White "Drabek, Miloslav"]
[Black "Portych, Vaclav"]
[Result "1-0"]
[WhiteElo "2036"]
[BlackElo "1869"]
[PlyCount "39"]
[EventDate "2017.08.19"]

1. d4 Nf6 2. Nf3 e6 3. c4 d5 4. g3 b6 5. Bg2 Bb7 6. cxd5 Bxd5 7. O-O Nbd7 8.
Nc3 c5 9. Nxd5 Nxd5 10. dxc5 Bxc5 11. a3 O-O 12. e4 Nc7 13. b4 Be7 14. Bf4 Rc8
15. Rc1 Nb5 16. Qd3 a6 17. a4 Nc7 18. Rfd1 Na8 19. Rxc8 Qxc8 20. Qxd7 1-0

[Event "Mistrovstvi CR senioru nad 60 let"]
[Site "?"]
[Date "2017.08.20"]
[Round "2"]
[White "Becvar, Miroslav"]
[Black "Novotny, Josef"]
[Result "1/2-1/2"]
[WhiteElo "1860"]
[BlackElo "2031"]
[PlyCount "65"]
[EventDate "2017.08.19"]

1. e4 e6 2. d4 d6 3. Bd3 g6 4. Ne2 Bg7 5. c3 Nf6 6. Bg5 h6 7. Bh4 g5 8. Bg3 Nc6
9. Nd2 a6 10. Qc2 e5 11. dxe5 dxe5 12. Nc4 Qe7 13. Ne3 Be6 14. f3 h5 15. Bf2 h4
16. Nf5 Bxf5 17. exf5 g4 18. Be4 Nxe4 19. fxe4 O-O-O 20. Be3 Bh6 21. Qc1 Qd6
22. Bxh6 Qxh6 23. Qxh6 Rxh6 24. Rd1 Rhd6 25. Rxd6 Rxd6 26. Nc1 Ne7 27. Ke2 Ng8
28. Nd3 f6 29. Nf2 Nh6 30. h3 g3 31. Ng4 Ng8 32. Rd1 Kd7 33. Rxd6+ 1/2-1/2

[Event "Mistrovstvi CR senioru nad 60 let"]
[Site "?"]
[Date "2017.08.20"]
[Round "2"]
[White "Humlicek, Vojtech"]
[Black "Lexa, Vaclav"]
[Result "0-1"]
[WhiteElo "1953"]
[BlackElo "1862"]
[PlyCount "66"]
[EventDate "2017.08.19"]

1. e4 c5 2. Nf3 d6 3. d4 cxd4 4. Nxd4 Nf6 5. Nc3 a6 6. Be3 e5 7. Nb3 Be6 8. f3
Be7 9. Qd2 Nbd7 10. g4 O-O 11. O-O-O b5 12. h4 Nb6 13. g5 Nh5 14. Rg1 Rc8 15.
Nd5 Bxd5 16. exd5 Nc4 17. Bxc4 Rxc4 18. Rg4 f5 19. Rxc4 bxc4 20. Na5 Qd7 21.
Nc6 f4 22. Bf2 Bd8 23. Nxd8 Rxd8 24. Qa5 Qc8 25. Re1 Rd7 26. Re4 Rb7 27. Qc3
Rc7 28. Bb6 Ng3 29. Bxc7 Nxe4 30. Qxc4 Ng3 31. Qc6 Nf5 32. c4 Nd4 33. Qxd6 Qf5
0-1

[Event "Mistrovstvi CR senioru nad 60 let"]
[Site "?"]
[Date "2017.08.20"]
[Round "2"]
[White "Oburka, Vladislav"]
[Black "Horak, Vladimir"]
[Result "0-1"]
[WhiteElo "1819"]
[BlackElo "1946"]
[PlyCount "90"]
[EventDate "2017.08.19"]

1. e4 e6 2. d4 d5 3. Nd2 dxe4 4. Nxe4 Bd7 5. Nf3 Bc6 6. Bd3 Nd7 7. O-O Ngf6 8.
Nxf6+ Nxf6 9. c3 Bxf3 10. Qxf3 c6 11. Re1 Qd5 12. Qxd5 Nxd5 13. Be4 O-O-O 14.
Bf3 h6 15. a3 Bd6 16. c4 Nf6 17. Be3 Kb8 18. b4 Nd7 19. c5 Bc7 20. Rec1 Nf6 21.
a4 Nd5 22. Rab1 Kc8 23. b5 Kd7 24. bxc6+ bxc6 25. Rb7 Ra8 26. Bxd5 exd5 27. Bf4
Rhc8 28. Re1 Rab8 29. Reb1 Rxb7 30. Rxb7 Kd8 31. Be3 Rb8 32. Rxb8+ Bxb8 33. g3
Kc8 34. Bd2 Bc7 35. a5 Kb7 36. Kf1 Ka6 37. Ke2 Bxa5 38. Bc1 Kb5 39. Kd3 Be1 40.
Ke2 Bb4 41. Kd3 a5 42. Bb2 Ka4 43. Kc2 Be1 44. f3 Kb4 45. Bc1 Kc4 0-1

[Event "Mistrovstvi CR senioru nad 60 let"]
[Site "?"]
[Date "2017.08.20"]
[Round "2"]
[White "Pribyl, Jaroslav"]
[Black "Vlachopulos, Georgis"]
[Result "1-0"]
[WhiteElo "1944"]
[BlackElo "1844"]
[PlyCount "55"]
[EventDate "2017.08.19"]

1. e4 g6 2. d4 Bg7 3. Nc3 d6 4. Be3 f5 5. f3 Nc6 6. d5 Ne5 7. Be2 Nf6 8. Qd2 h6
9. O-O-O Bd7 10. h3 Nh5 11. f4 Nf7 12. exf5 Ng3 13. fxg6 Nxh1 14. gxf7+ Kf8 15.
g4 c5 16. Bf3 Ng3 17. Bf2 b5 18. Bxg3 b4 19. Ne4 Qa5 20. Kb1 Rb8 21. Ne2 Rb6
22. f5 Ra6 23. Nc1 c4 24. f6 exf6 25. Bxd6+ Rxd6 26. Nxd6 Qc5 27. Qf4 c3 28.
Re1 1-0

[Event "Mistrovstvi CR senioru nad 60 let"]
[Site "?"]
[Date "2017.08.20"]
[Round "2"]
[White "Svec, Ludek"]
[Black "Briza, Jiri"]
[Result "1-0"]
[WhiteElo "1669"]
[BlackElo "1938"]
[PlyCount "54"]
[EventDate "2017.08.19"]

1. d4 d5 2. Nf3 Nf6 3. g3 e6 4. Bg2 c5 5. O-O Nc6 6. c4 Be7 7. Nc3 O-O 8. cxd5
Nxd5 9. Nxd5 exd5 10. Be3 c4 11. Ne5 f6 12. Nxc6 bxc6 13. b3 Ba6 14. bxc4 Bxc4
15. Qc2 Qd7 16. a4 a5 17. h4 Bd6 18. Kh2 Rae8 19. Bh3 Qf7 20. Bf5 Qh5 21. Kg2
Bxe2 22. Bxh7+ Kh8 23. Bg6 Qf3+ 24. Kg1 Rxe3 25. Bh5 Qxh5 26. fxe3 Bxf1 27.
Rxf1 Qg4 1-0

[Event "Mistrovstvi CR senioru nad 60 let"]
[Site "?"]
[Date "2017.08.20"]
[Round "2"]
[White "Sobotnik, Petr"]
[Black "Wiedermann, Jan"]
[Result "1/2-1/2"]
[WhiteElo "1920"]
[BlackElo "1827"]
[PlyCount "65"]
[EventDate "2017.08.19"]

1. c4 b6 2. d4 Bb7 3. Nc3 Nf6 4. Nf3 d5 5. e3 e6 6. Bd3 dxc4 7. Bxc4 Be7 8. O-O
O-O 9. Bd2 c5 10. Qe2 cxd4 11. Nxd4 Nc6 12. Nxc6 Bxc6 13. Rfd1 Qc7 14. Rac1
Rfd8 15. Nb5 Qe5 16. Nd4 Bb7 17. f4 Qh5 18. Qxh5 Nxh5 19. Be2 Nf6 20. Rc7 Rd7
21. Rxd7 Nxd7 22. Bc3 Nf6 23. Bf3 Bxf3 24. gxf3 Nd5 25. Rd3 Rc8 26. Bd2 Bf6 27.
e4 Bxd4+ 28. Rxd4 Nf6 29. Bc3 Kf8 30. Kf2 Ke8 31. Ke3 Nd7 32. Ra4 a5 33. Rd4
1/2-1/2

[Event "Mistrovstvi CR senioru nad 60 let"]
[Site "?"]
[Date "2017.08.20"]
[Round "2"]
[White "Korenek, Frantisek"]
[Black "Kolek, Josef"]
[Result "0-1"]
[WhiteElo "2075"]
[BlackElo "1794"]
[Annotator "Martaska"]
[PlyCount "102"]
[EventDate "2017.08.19"]

1. e4 c5 2. Nf3 Nc6 3. Bb5 g6 4. O-O Bg7 5. Re1 d6 6. c3 Bd7 7. d4 cxd4 8. cxd4
a6 9. Bxc6 Bxc6 10. Nc3 Nf6 11. d5 Bd7 12. a4 O-O 13. a5 b5 14. axb6 Qxb6 15.
Qc2 Rfb8 16. Nd2 Bg4 17. Qd3 Bd7 18. Nc4 Qc7 19. Ne3 Qc8 20. Nc2 Ng4 21. h3 Ne5
22. Qe2 Nc4 23. Ne3 Nxe3 24. Qxe3 Rb3 25. Qg5 Bf6 26. Qh6 Bg7 27. Qh4 f6 28.
Re3 g5 29. Qh5 h6 30. Qd1 Rab8 31. Qe2 Ra8 32. Qd1 Rb4 33. Ra3 a5 34. Rb3 Rc4
35. Ra3 Qd8 36. g4 Qc8 37. Kg2 h5 38. f3 hxg4 39. hxg4 a4 40. Re1 Qb7 41. Rh1
Qb6 42. Qg1 Qb4 43. Qh2 Rb8 44. Qh7+ Kf8 45. Qh2 Rbc8 46. Qg1 e6 47. dxe6 Bxe6
48. Qe3 Bd7 49. Ra1 Kf7 50. Qd3 Bf8 51. Qd2 Qc5 {dale necitelne} 0-1

[Event "Mistrovstvi CR senioru nad 60 let"]
[Site "?"]
[Date "2017.08.20"]
[Round "2"]
[White "Salac, Jiri"]
[Black "Vacek, Jaroslav"]
[Result "1-0"]
[WhiteElo "2056"]
[BlackElo "1721"]
[PlyCount "91"]
[EventDate "2017.08.19"]

1. d4 Nf6 2. Bf4 e6 3. e3 Be7 4. Nd2 Nd5 5. Bg3 Bd6 6. c4 Bxg3 7. hxg3 Nf6 8.
g4 d5 9. g5 Ne4 10. Nxe4 dxe4 11. Qg4 g6 12. Nh3 c6 13. O-O-O Qa5 14. Qxe4 Qxa2
15. Bd3 Na6 16. Qe5 Rg8 17. Qd6 Qb3 18. Qa3 Qxa3 19. bxa3 Nc7 20. Nf4 Rg7 21.
Be4 Bd7 22. Rh6 Kf8 23. Nd3 Ke7 24. Rdh1 Rh8 25. Ne5 Ne8 26. f4 Nd6 27. Bd3 Nf5
28. R6h3 Ke8 29. Ng4 Ke7 30. Nf6 Nd6 31. Rxh7 Rhxh7 32. Nxh7 Ne8 33. e4 Rg8 34.
e5 Rh8 35. Rh6 Rg8 36. Kd2 b6 37. Be4 a6 38. g4 b5 39. Nf6 Nxf6 40. gxf6+ Kd8
41. Kc3 Kc7 42. Rh7 Rf8 43. Kb4 bxc4 44. Kxc4 a5 45. Kc5 Kb8 46. Bxg6 1-0

[Event "Mistrovstvi CR senioru nad 60 let"]
[Site "?"]
[Date "2017.08.21"]
[Round "3"]
[White "Horak, Vladimir"]
[Black "Chudinovskikh, Alexander M"]
[Result "0-1"]
[WhiteElo "1946"]
[BlackElo "2229"]
[PlyCount "34"]
[EventDate "2017.08.19"]

1. d4 Nf6 2. Nf3 c5 3. e3 e6 4. Bd3 b6 5. c3 Bb7 6. Nbd2 d5 7. O-O Be7 8. Re1
O-O 9. e4 cxd4 10. e5 dxc3 11. exf6 cxd2 12. Bxd2 Bxf6 13. Qc2 g6 14. Bb4 Re8
15. Bb5 Nc6 16. Qa4 Nxb4 17. Qxb4 Re7 0-1

[Event "Mistrovstvi CR senioru nad 60 let"]
[Site "?"]
[Date "2017.08.21"]
[Round "3"]
[White "Briza, Jiri"]
[Black "Jablecnik, Gustav"]
[Result "1-0"]
[WhiteElo "1938"]
[BlackElo "2109"]
[PlyCount "119"]
[EventDate "2017.08.19"]

1. Nf3 Nc6 2. b3 b6 3. Bb2 Nf6 4. c4 e6 5. e3 Bb7 6. Be2 Be7 7. O-O O-O 8. d3
d5 9. a3 dxc4 10. dxc4 Qxd1 11. Rxd1 Rad8 12. Nc3 a6 13. b4 Rxd1+ 14. Rxd1 Rd8
15. Rxd8+ Nxd8 16. Nd2 Ne8 17. Nce4 f5 18. Nc3 Bf6 19. Na4 Kf7 20. Bxf6 Kxf6
21. c5 b5 22. Nc3 c6 23. f4 Nf7 24. Nb3 Nc7 25. e4 g6 26. e5+ Ke7 27. Na5 Nd8
28. Bf3 Nd5 29. Bxd5 exd5 30. Ne2 Kd7 31. Nd4 Ba8 32. g3 Ne6 33. Nf3 Kc7 34.
Kf2 Bb7 35. Ng5 Nxg5 36. fxg5 Bc8 37. Ke3 Be6 38. Nb3 d4+ 39. Nxd4 Bd5 40. Ne2
Kd7 41. Kd4 Ke7 42. Nf4 Bf3 43. h4 Bd1 44. e6 Bf3 45. Ke5 Bg4 46. Ng2 Bh3 47.
Ne3 f4 48. gxf4 Bxe6 49. f5 Bf7 50. f6+ Kd7 51. Ng4 Be6 52. Nf2 Bb3 53. Ne4 Ba2
54. f7 Ke7 55. f8=Q+ Kxf8 56. Kd6 Bd5 57. Nf6 Bf3 58. Nxh7+ Ke8 59. Nf6+ Kd8
60. Ng8 1-0

[Event "Mistrovstvi CR senioru nad 60 let"]
[Site "?"]
[Date "2017.08.21"]
[Round "3"]
[White "Mlynek, Petr"]
[Black "Drabek, Miloslav"]
[Result "1-0"]
[WhiteElo "2094"]
[BlackElo "2036"]
[PlyCount "75"]
[EventDate "2017.08.19"]

1. d4 Nf6 2. c4 d6 3. Nf3 Nbd7 4. Nc3 e5 5. Bg5 Be7 6. e3 O-O 7. Be2 h6 8. Bh4
Re8 9. O-O c6 10. Qc2 exd4 11. Nxd4 Ne5 12. Rad1 Qc7 13. Rd2 Rd8 14. Rfd1 Ne8
15. Bg3 Nf6 16. h3 a6 17. a3 g6 18. f4 Ned7 19. e4 Nf8 20. Kh2 Ne8 21. e5 dxe5
22. fxe5 Ne6 23. Ne4 Rxd4 24. Rxd4 Nxd4 25. Rxd4 Bf5 26. c5 Rd8 27. e6 Qc8 28.
exf7+ Kxf7 29. Bc4+ Kg7 30. Qc3 Kh7 31. b4 Rxd4 32. Qxd4 Qd7 33. Nd6 Nxd6 34.
cxd6 Bf8 35. Qe5 Bg7 36. Qe7 Kh8 37. Bd3 Be6 38. Bxg6 1-0

[Event "Mistrovstvi CR senioru nad 60 let"]
[Site "?"]
[Date "2017.08.21"]
[Round "3"]
[White "Pospisil, Evzen"]
[Black "Pribyl, Jaroslav"]
[Result "1/2-1/2"]
[WhiteElo "2064"]
[BlackElo "1944"]
[PlyCount "49"]
[EventDate "2017.08.19"]

1. d4 d5 2. Bf4 c5 3. e3 Nc6 4. c3 Nf6 5. Nd2 e6 6. Ngf3 Be7 7. Ne5 Nd7 8. Bd3
cxd4 9. exd4 Ndxe5 10. dxe5 Bg5 11. Qg4 Bxf4 12. Qxf4 g5 13. Qg3 h5 14. h4 g4
15. O-O-O Qc7 16. Rhe1 Bd7 17. f3 O-O-O 18. Qf4 f5 19. Nb3 Kb8 20. Nd4 Nxd4 21.
Qxd4 Qa5 22. Kb1 Rc8 23. fxg4 hxg4 24. g3 Bb5 25. Bxb5 1/2-1/2

[Event "Mistrovstvi CR senioru nad 60 let"]
[Site "?"]
[Date "2017.08.21"]
[Round "3"]
[White "Lexa, Vaclav"]
[Black "Salac, Jiri"]
[Result "0-1"]
[WhiteElo "1862"]
[BlackElo "2056"]
[PlyCount "96"]
[EventDate "2017.08.19"]

1. d4 d5 2. c4 c6 3. Nc3 Nf6 4. Bg5 Nbd7 5. cxd5 cxd5 6. e3 a6 7. Bd3 e6 8.
Nge2 b5 9. a3 Bb7 10. O-O Be7 11. f3 h6 12. Bh4 O-O 13. Rc1 Rc8 14. Bb1 Re8 15.
Qd3 Nf8 16. e4 N6d7 17. Bxe7 Qxe7 18. e5 f6 19. f4 Nb6 20. Rf2 Nc4 21. Ng3 g6
22. Re1 f5 23. Nf1 b4 24. Na4 Nd7 25. g4 Bc6 26. b3 Bxa4 27. bxa4 bxa3 28. gxf5
gxf5 29. Qh3 Qh7 30. Ng3 Rf8 31. Rg2 Kh8 32. Kh1 Rf7 33. Qh5 Rg8 34. Ree2 Rg4
35. Nxf5 Rxf4 36. Rg6 Rf1+ 37. Kg2 R1xf5 38. Bxf5 Rxf5 39. Qxh6 Nf8 40. Rf6
Qxh6 41. Rxh6+ Kg7 42. Rh3 Ng6 43. Rg3 Kf7 44. Re1 Rf4 45. Rd1 Nh4+ 46. Kh3 Nf5
47. Rb3 Rh4+ 48. Kg2 Nce3+ 0-1

[Event "Mistrovstvi CR senioru nad 60 let"]
[Site "?"]
[Date "2017.08.21"]
[Round "3"]
[White "Pilar, Miloslav"]
[Black "Pociejowski, Marek"]
[Result "1-0"]
[WhiteElo "2160"]
[BlackElo "1871"]
[PlyCount "87"]
[EventDate "2017.08.19"]

1. d4 d5 2. Nf3 Nf6 3. c4 e6 4. Nc3 Nbd7 5. cxd5 exd5 6. Bg5 c6 7. e3 Bd6 8.
Bd3 O-O 9. O-O h6 10. Bh4 Qc7 11. Bg3 Re8 12. Qc2 a6 13. b4 Bxg3 14. hxg3 Qd6
15. a3 a5 16. b5 c5 17. dxc5 Nxc5 18. Rfc1 b6 19. Na4 Nxa4 20. Qxa4 Bd7 21. Nd4
Rac8 22. Nc6 Rc7 23. Rc3 Rec8 24. Rac1 Kf8 25. Qd4 Bxc6 26. Qxb6 Ne4 27. Bxe4
dxe4 28. bxc6 g6 29. Qxa5 Ke7 30. Qb5 Ra8 31. a4 Kd8 32. Rc5 Qe6 33. Qb4 Qe7
34. Rd5+ Kc8 35. Rcd1 Rca7 36. Qxe7 Rxe7 37. Rd8+ Kc7 38. Rxa8 Kxc6 39. Rb1 Kc5
40. a5 Kc4 41. a6 Kc3 42. a7 Kc2 43. Rc8+ Kxb1 44. a8=Q 1-0

[Event "Mistrovstvi CR senioru nad 60 let"]
[Site "?"]
[Date "2017.08.21"]
[Round "3"]
[White "Lorenc, Oldrich"]
[Black "Tejkal, Jiri"]
[Result "1-0"]
[WhiteElo "2055"]
[BlackElo "1917"]
[PlyCount "79"]
[EventDate "2017.08.19"]

1. Nf3 c5 2. e4 Nc6 3. c3 d5 4. exd5 Qxd5 5. d4 cxd4 6. cxd4 e5 7. Nc3 Bb4 8.
Bd2 Bxc3 9. Bxc3 e4 10. Ne5 Nxe5 11. dxe5 Ne7 12. Qa4+ Bd7 13. Qb4 a5 14. Qd6
Qxd6 15. exd6 Nf5 16. Rd1 O-O 17. h4 Bc6 18. Rh3 Rfd8 19. Be5 Re8 20. Bf4 Rad8
21. g4 Nh6 22. Rg3 Kh8 23. Bc4 Rd7 24. Bd5 f6 25. Bxc6 bxc6 26. Rc1 Nf7 27.
Rxc6 g5 28. hxg5 fxg5 29. Bd2 Ne5 30. Bc3 Kg8 31. Bxe5 Rxe5 32. Ke2 Kf7 33. Rh3
Ke6 34. Ke3 Rb5 35. b3 Kd5 36. Rc7 Rxd6 37. Rhxh7 Rb8 38. Rc4 Rb4 39. Rg7 Ke6
40. Rg6+ 1-0

[Event "Mistrovstvi CR senioru nad 60 let"]
[Site "?"]
[Date "2017.08.21"]
[Round "3"]
[White "Novotny, Josef"]
[Black "Franc, Lubor"]
[Result "1-0"]
[WhiteElo "2031"]
[BlackElo "1865"]
[PlyCount "73"]
[EventDate "2017.08.19"]

1. e3 c6 2. d3 d5 3. b3 Nf6 4. Bb2 Bg4 5. Nf3 e6 6. Be2 Be7 7. Nbd2 Nbd7 8. a3
Rc8 9. h3 Bxf3 10. Nxf3 Qa5+ 11. Kf1 h6 12. g4 Qc7 13. c4 e5 14. Rc1 Bd6 15.
cxd5 Nxd5 16. h4 f6 17. Rc4 N5b6 18. Rc1 Nd5 19. Qc2 Kf8 20. d4 Re8 21. Bc4
N5b6 22. Rg1 Nxc4 23. bxc4 exd4 24. Bxd4 c5 25. Bb2 Ne5 26. Nd2 Nf7 27. Nf3 Ne5
28. Bxe5 Bxe5 29. h5 Rg8 30. Nh4 Kf7 31. Qg6+ Kf8 32. Rd1 Rd8 33. Ke2 Rd6 34.
Qf5 Kf7 35. f4 Rxd1 36. Rxd1 Bd6 37. Qd5+ 1-0

[Event "Mistrovstvi CR senioru nad 60 let"]
[Site "?"]
[Date "2017.08.21"]
[Round "3"]
[White "Wiedermann, Jan"]
[Black "Hlavac, Frantisek"]
[Result "1/2-1/2"]
[WhiteElo "1827"]
[BlackElo "1964"]
[PlyCount "45"]
[EventDate "2017.08.19"]

1. b3 e5 2. e4 Nf6 3. Nc3 c6 4. Nf3 Bb4 5. Bd3 O-O 6. O-O d6 7. Ne2 Nbd7 8. c3
Ba5 9. Ng3 Nc5 10. Bc2 Bc7 11. d4 Ne6 12. Qe2 Nf4 13. Bxf4 exf4 14. Nf5 g6 15.
e5 dxe5 16. dxe5 Nh5 17. Rad1 Qe8 18. Nd6 Qe7 19. Rfe1 Kg7 20. Nd4 Bxd6 21.
exd6 Qxe2 22. Rxe2 Rd8 23. Rde1 1/2-1/2

[Event "Mistrovstvi CR senioru nad 60 let"]
[Site "?"]
[Date "2017.08.21"]
[Round "3"]
[White "Dolezal, Radoslav"]
[Black "Becvar, Miroslav"]
[Result "1-0"]
[WhiteElo "1963"]
[BlackElo "1860"]
[PlyCount "119"]
[EventDate "2017.08.19"]

1. e4 e5 2. Nf3 Nc6 3. Bb5 a6 4. Ba4 Nf6 5. O-O Be7 6. Re1 b5 7. Bb3 d6 8. c3
Na5 9. Bc2 c5 10. d4 Qc7 11. h3 cxd4 12. cxd4 O-O 13. Nc3 h6 14. Qd3 Nc6 15.
Nd5 Qa7 16. Nxe7+ Qxe7 17. Bd2 Nh7 18. g4 Bd7 19. d5 Nd8 20. Kg2 a5 21. a3 Nb7
22. b4 Rfc8 23. Bb3 Nf8 24. Kg3 g5 25. h4 f6 26. h5 Qd8 27. Ng1 Kg7 28. Ne2
axb4 29. axb4 Rxa1 30. Rxa1 Ra8 31. Qb1 Qc8 32. f3 Nd8 33. Nc3 Be8 34. Rxa8
Qxa8 35. Qa2 Qxa2 36. Bxa2 Nb7 37. Bb1 Kf7 38. Bd3 Ke7 39. Be3 Kd8 40. Bxb5
Bxb5 41. Nxb5 Nd7 42. Ba7 Kc8 43. Kf2 Kd8 44. Ke3 Kc8 45. Kd3 Kd8 46. Kc4 Kc8
47. Nc3 Kc7 48. Kb5 Nd8 49. Ka6 Nb7 50. Nb5+ Kc8 51. Na3 Kc7 52. Nc4 Nf8 53.
Nb6 Nd8 54. Nc4 Nb7 55. Bb6+ Kc8 56. Ba5 Nd7 57. Nb6+ Nxb6 58. Bxb6 Kb8 59. Ba5
Nxa5 60. bxa5 1-0

[Event "Mistrovstvi CR senioru nad 60 let"]
[Site "?"]
[Date "2017.08.21"]
[Round "3"]
[White "Tsapanidis, Vasilis"]
[Black "Sobotnik, Petr"]
[Result "1/2-1/2"]
[WhiteElo "1807"]
[BlackElo "1920"]
[PlyCount "54"]
[EventDate "2017.08.19"]

1. c4 e5 2. Nc3 Nf6 3. Nf3 Nc6 4. d4 exd4 5. Nxd4 Bb4 6. Nxc6 bxc6 7. Bg5 h6 8.
Bh4 O-O 9. Rc1 d6 10. a3 Bxc3+ 11. Rxc3 g5 12. Bg3 Ne4 13. Rc1 f5 14. f3 Nxg3
15. hxg3 Qf6 16. Qd2 Rb8 17. b4 Re8 18. Kf2 Re7 19. e3 Bd7 20. Qc3 Qxc3 21.
Rxc3 Kg7 22. Be2 Rbe8 23. Re1 Be6 24. Bd3 Kf6 25. Rh1 Kg7 26. Re1 Bc8 27. Bc2
Bd7 1/2-1/2

[Event "Mistrovstvi CR senioru nad 60 let"]
[Site "?"]
[Date "2017.08.21"]
[Round "3"]
[White "Kolek, Josef"]
[Black "Humlicek, Vojtech"]
[Result "0-1"]
[WhiteElo "1794"]
[BlackElo "1953"]
[PlyCount "83"]
[EventDate "2017.08.19"]

1. e4 c5 2. Nf3 a6 3. d4 cxd4 4. Nxd4 Nf6 5. Nc3 e5 6. Nf3 Bb4 7. Bd3 d5 8.
exd5 e4 9. Qe2 O-O 10. Bxe4 Nxe4 11. Qxe4 Re8 12. Ne5 Bxc3+ 13. bxc3 f6 14. f4
Qc7 15. O-O fxe5 16. c4 Nd7 17. Be3 Nf6 18. Qd3 e4 19. Qd4 Qf7 20. h3 b5 21.
Rad1 bxc4 22. Qxc4 Bb7 23. Qb3 Bxd5 24. Qa4 Bxa2 25. g4 Qc4 26. Qa3 Qf7 27.
Rfe1 Bc4 28. Rd4 Rac8 29. Red1 Nd5 30. f5 Qe7 31. Qxe7 Rxe7 32. Bg5 Ree8 33.
Rxd5 Bxd5 34. Rxd5 Rxc2 35. f6 Rb8 36. Rd1 g6 37. Bf4 Rb7 38. h4 a5 39. h5 Kf7
40. g5 gxh5 41. Be3 a4 42. Bd4 0-1

[Event "Mistrovstvi CR senioru nad 60 let"]
[Site "?"]
[Date "2017.08.21"]
[Round "3"]
[White "Sibl, Vaclav"]
[Black "Sedlacek, Jan"]
[Result "1/2-1/2"]
[WhiteElo "1923"]
[BlackElo "1808"]
[PlyCount "84"]
[EventDate "2017.08.19"]

1. d4 Nf6 2. Bf4 e6 3. e3 d5 4. Nf3 c5 5. c3 a6 6. Nbd2 Nc6 7. Bd3 Bd6 8. Bg3
Qe7 9. Ne5 Bxe5 10. dxe5 Nd7 11. Nf3 f6 12. exf6 Nxf6 13. Ne5 Nxe5 14. Bxe5 Bd7
15. O-O Bc6 16. a4 Nd7 17. Bg3 O-O 18. Qh5 g6 19. Qh6 Qg7 20. Qxg7+ Kxg7 21. a5
e5 22. Rfd1 Kf6 23. Bb1 Ke6 24. b4 c4 25. h4 e4 26. Bc2 Ne5 27. Bxe5 Kxe5 28.
Rd2 Rad8 29. Bd1 Rd6 30. Be2 Rdf6 31. f4+ exf3 32. Bxf3 Rxf3 33. gxf3 Rxf3 34.
Re1 Rg3+ 35. Kf2 Rh3 36. Rd4 Rh2+ 37. Kg3 Rc2 38. Rb1 Rxc3 39. Kf2 Rc2+ 40. Kf3
Rh2 41. Kg3 Re2 42. Kf3 Rh2 1/2-1/2

[Event "Mistrovstvi CR senioru nad 60 let"]
[Site "?"]
[Date "2017.08.21"]
[Round "3"]
[White "Kohout, Jan"]
[Black "Jindrasek, Mojmir"]
[Result "1-0"]
[WhiteElo "1919"]
[BlackElo "1798"]
[PlyCount "117"]
[EventDate "2017.08.19"]

1. e4 c5 2. Nf3 Nc6 3. Bb5 a6 4. Bxc6 bxc6 5. O-O d6 6. c3 Nf6 7. Re1 e5 8. d4
cxd4 9. cxd4 Qc7 10. h3 Be7 11. Nc3 O-O 12. Bg5 h6 13. Bh4 Re8 14. Rc1 Qb8 15.
Qc2 Nd7 16. Bxe7 Rxe7 17. Ne2 Bb7 18. Qd2 c5 19. d5 Bc8 (19... Qc8 20. Ng3 Nf6
21. Nh4 Rc7 22. b3) 20. Ng3 Nf6 21. Nh4 Rb7 22. b3 a5 23. Nhf5 Bxf5 24. Nxf5
Kh7 25. Rc3 Qf8 26. Rf3 Ng8 27. Ne3 a4 28. Nc4 axb3 29. axb3 Rb4 30. Qc2 Qe7
31. Qb2 Qc7 32. Ra1 Rbb8 (32... Rab8 33. Re3 Nf6 34. Ree1 Kg8 35. f3 Ne8) 33.
Re3 Nf6 34. Ree1 Kg8 35. f3 Ne8 36. Rxa8 Rxa8 37. Ra1 Ra7 38. Ra4 Qb7 39. Qa3
Rxa4 40. bxa4 Qa6 41. Qb3 Kf8 42. Qb5 Qxb5 43. axb5 Ke7 44. b6 Kd7 45. Kf2 Kc8
46. Ke3 Kb7 47. Kd3 Ka6 48. Kc3 Kb7 49. Kb3 h5 50. Ka4 Ka6 51. h4 f6 52. g4 g6
53. Kb3 Kb7 54. Kc3 Ng7 55. Nxd6+ Kxb6 56. Kc4 Kc7 57. Kxc5 Kd7 58. Nc4 Ne8 59.
Nb6+ 1-0

[Event "Mistrovstvi CR senioru nad 60 let"]
[Site "?"]
[Date "2017.08.21"]
[Round "3"]
[White "Novotny, Jaroslav"]
[Black "Istel, Oldrich"]
[Result "1-0"]
[WhiteElo "1914"]
[BlackElo "1724"]
[PlyCount "73"]
[EventDate "2017.08.19"]

1. e4 d6 2. d4 Nc6 3. d5 Ne5 4. c4 c5 5. Nc3 Nf6 6. f4 Ned7 7. Nf3 g6 8. e5 Nh5
9. Bd3 a6 10. O-O Qc7 11. Qe2 e6 12. dxe6 fxe6 13. exd6 Qxd6 14. Ng5 Ng7 15.
Be3 Be7 16. Rad1 Qc7 17. Nxh7 Nf5 18. Bxf5 exf5 19. Nd5 Qd8 20. Ng5 Bxg5 21.
fxg5 Kf7 22. Bf4 Re8 23. Qf3 Ne5 24. Qc3 Nc6 25. Nc7 Nd4 26. Kh1 Be6 27. Rfe1
Qd7 28. Nxa8 Rxa8 29. Be5 Rd8 30. Bf6 Rc8 31. Bxd4 cxd4 32. Rxd4 Qe7 33. Rh4
Ke8 34. Rh8+ Kd7 35. Qd4+ Kc7 36. Qe5+ Qd6 37. Qxd6+ 1-0

[Event "Mistrovstvi CR senioru nad 60 let"]
[Site "?"]
[Date "2017.08.22"]
[Round "4"]
[White "Chudinovskikh, Alexander M"]
[Black "Mlynek, Petr"]
[Result "1/2-1/2"]
[WhiteElo "2229"]
[BlackElo "2094"]
[PlyCount "84"]
[EventDate "2017.08.19"]

1. d4 d5 2. Nf3 c6 3. c4 e6 4. Qc2 dxc4 5. Qxc4 b5 6. Qc2 Bb7 7. e4 Nf6 8. Bd3
h6 9. O-O Nbd7 10. a3 a6 11. b4 a5 12. bxa5 Qxa5 13. Qe2 Be7 14. Nbd2 Qc3 15.
Rb1 Qa5 16. e5 Nd5 17. Ne4 Nc3 18. Nxc3 Qxc3 19. Bb2 Qa5 20. Nd2 O-O 21. Qe4 g6
22. Nf3 Rab8 23. Qf4 Kg7 24. Bc1 Rh8 25. Rd1 Nb6 26. h4 Nd5 27. Qg3 Qd8 28. Rb3
Ra8 29. h5 g5 30. Nh2 Ra4 31. Be2 Qb6 32. Nf3 Rg8 33. Qg4 b4 34. axb4 Rxb4 35.
Rxb4 Qxb4 36. Nxg5 hxg5 37. h6+ Kxh6 38. Qh5+ Kg7 39. Bxg5 Bxg5 40. Qxg5+ Kf8
41. Qd8+ Kg7 42. Qg5+ Kf8 1/2-1/2